000 00691nam a2200253Ia 4500
001 dia_2921
003 CHAP
005 20230411104721.0
008 220117s1999 xx 000 0 und d
010 _a173422
040 _cCHAP
082 _a621.18 b3
100 _aBasu, Prabir
_9153753
245 _aBoilers And Burners, Design and Theory /
_c by Prabir Basu
260 _aNew York, Springer
_c1999
300 _a563 p.
400 _a(MECHANICAL ENGINEERING SERIES)
500 _aI. 219459
600 _aCalderas de Vapor i. t.
_9153754
901 _a621.18 B3
902 _aM
905 _a0000001999 NEW 0000000000ING00
942 _cLIBRO
_2ddc
999 _c173422
_d173422